| 000 | 02626nam a2200301Ia 4500 | ||
|---|---|---|---|
| 005 | 20250223033135.0 | ||
| 008 | 231030s9999 xx 000 0 und d | ||
| 049 | _aDeposit | ||
| 082 | _a621.312136 | ||
| 097 | _aM.Sc. | ||
| 099 | _aCai01.13.07.M.Sc.2022.Mo.E | ||
| 100 | _aMostafa Ismail Elsayed Ismail Kandil, | ||
| 245 |
_aEnhancing the power system transient stability by using storage devices with high penetration of wind farms / _cby Mostafa Ismail Elsayed Ismail Kandil ; Mohamed Salah Mohamed El-Sobky, Amgad Amin Maged El-Deib. |
||
| 246 | _aﺗﻌﺰﯾﺰ اﻻﺳﺘﻘﺮار اﻟﻌﺎﺑﺮ لنظم الطاقة الكهربية باستخدام أنظمة ﺗﺨﺰﯾﻦ الطاقة ﻓﻲ ﺣﺎﻻت اﻻﺧﺘﺮاق اﻟﻌﺎلي لطاقة اﻟﺮﯾﺎح | ||
| 260 | _c2022. | ||
| 502 | _aThesis (M.Sc.)-Cairo University,2022. | ||
| 504 | _aBibliography: p. 69-71. | ||
| 520 | _aThe rapid need for utilization of renewable energy on a large scale in the electrical networks, was always limited by the power quality constrains. i.e., Transient stability. The low inertia of wind turbines kept their contribution to the utility scall networks to the minimum, so it can be curtailed in case of any disturbances. This thesis examines the Transient stability of a power system as wind energy penetration rises. This study looked at the implications of expanding the penetration of Doubly-Fed Induction Generator-based Wind Energy Conversion System in the power system. The analysis here were conducted for grid fault operations. The research case was an IEEE-9 bus test system. The student version of the power system analysis software PSSE Xplore V34 was used to run the simulations. Furthermore, the effects of integrating Energy storage device (Battery Energy storage System) to the system are investigated. The results demonstrate that integrating the BESS system into the network improved the study system’s transient stability. Using BESS to the system shows increasing of penetration level with 15%. Moreover, the optimum location for integrating the BESS system was investigated and general guidelines for the location was illustrated. As a result, for a transient-stable grid operation with rising wind energy penetration, energy storage devices should be included. | ||
| 650 | _aWind power. | ||
| 653 | _aWind power generation | ||
| 700 | _aMohamed Salah Mohamed El-Sobky | ||
| 856 | _uhttp://172.23.153.220/th.pdf | ||
| 905 | _aMohamady | ||
| 942 |
_cTH _2ddc |
||
| 999 |
_c164690 _d164690 |
||
| 336 |
_2rda content _atext |
||
| 337 |
_2rdamedia _aUnmediated |
||
| 338 |
_2rdacarrier _avolume |
||